Sports Quiz

Random Sports or NHL Quiz

NHL Playoff Appearance Streaks Quiz Stats

 Plays Quiz Retired Jul 7, 2021

Support Sporcle.
Go Orange.
Score 0/22 Timer 04:00
0 Plays Today
Streak Team % Correct
29 seasonsBoston Bruins
80.4%
23 seasonsDetroit Red Wings
59.6%
28 seasonsChicago Blackhawks
54.1%
24 seasonsMontreal Canadiens
46.2%
20 seasonsDetroit Red Wings
42.7%
21 seasonsMontreal Canadiens
41.5%
25 seasonsSt. Louis Blues
40.8%
15 seasonsToronto Maple Leafs
33.9%
13 seasonsNew Jersey Devils
29.5%
17 seasonsPhiladelphia Flyers
29%
14 seasonsNew York Islanders
24.4%
Streak Team % Correct
13 seasonsEdmonton Oilers
23.1%
10 seasonsSan Jose Sharks
21.5%
10 seasonsNew York Rangers
20.5%
10 seasonsChicago Blackhawks
19.5%
11 seasonsPittsburgh Penguins
19.3%
11 seasonsQuebec Nordiques
19.1%
16 seasonsAtlanta Flames
17.3%
11 seasonsPhiladelphia Flyers
17%
11 seasonsOttawa Senators
15%
14 seasonsWashington Capitals
11.9%
11 seasonsBuffalo Sabres
10.7%

From the Vault

One-Minute Crossword XXVII

by Qaqaq

Language 60s
The clock is ticking!
Remove Ads.
Support Sporcle.
Get the best of Sporcle when you Go Orange. This ad-free experience offers more features, more stats, and more fun while also helping to support Sporcle. Thank you for becoming a member.

Show Comments

Extras

Top Quizzes Today


Score Distribution

Your Account Isn't Verified!

In order to create a playlist on Sporcle, you need to verify the email address you used during registration. Go to your Sporcle Settings to finish the process.

Report this User

Report this user for behavior that violates our Community Guidelines.

Details: